Podział administracyjny Wysp Świętego Tomasza i Książęcej - Statystyki

Ogólne statystyki
  • Ten quiz został rozwiązany 8 razy
  • Średni wynik to 5 z 9
Statystyki odpowiedzi
Okręgi % Poprawnych
Lobata
71%
Pagué
71%
Água Grande
57%
Cantagalo
57%
Caué
57%
Lembá
57%
Mé-Zóchi
57%
Wyspa Książęca
43%
Wyspa Świętego Tomasza
43%
Nie znaleziono quizów pasujących do podanych kryteriów
Rozkład punktacji
Procent ludzi z każdym wynikiem
Percentyl według liczby udzielonych odpowiedzi
Twoja historia wyników
Nie rozwiązałeś tego quizu